Kiến trúc & con người
Nội dung sách trình bày mối quan hệ giữa con người, thiên nhiên và kiến trúc; kiến trúc của con người, do con người và vì con người; thực hành kiến trúc dưới góc độ nhân học; kiến trúc Việt Nam giữa dòng chảy văn hoá Đông - Tây....
Сохранить в:
| Главный автор: | |
|---|---|
| Формат: | |
| Язык: | Vietnamese |
| Опубликовано: |
H.
Xây dựng
2022
|
| Предметы: | |
| Метки: |
Добавить метку
Нет меток, Требуется 1-ая метка записи!
|
| Thư viện lưu trữ: | Thư viện Trường Đại học Nam Cần Thơ |
|---|
| LEADER | 01390aam a22002178a 4500 | ||
|---|---|---|---|
| 001 | NCT_145276 | ||
| 008 | 090916s2009 ||||||viesd | ||
| 999 | |c 7483 |d 7483 | ||
| 020 | |c 228000 |a 978-604-82-6962-3 | ||
| 082 | 0 | 4 | |2 23rd ed. |a 720.47 |b T513 |
| 100 | 1 | |a Trần Minh Tùng | |
| 245 | 1 | 0 | |a Kiến trúc & con người |c Trần Minh Tùng |
| 260 | |a H. |b Xây dựng |c 2022 | ||
| 300 | |a 237 tr. |b Minh họa |c 21 cm | ||
| 500 | |a ĐTTS ghi: Trường Đại học Xây dựng Hà Nội. Khoa Kiến trúc & Quy Hoạch. Bộ môn Kiến trúc dân dụng | ||
| 520 | 3 | |a Nội dung sách trình bày mối quan hệ giữa con người, thiên nhiên và kiến trúc; kiến trúc của con người, do con người và vì con người; thực hành kiến trúc dưới góc độ nhân học; kiến trúc Việt Nam giữa dòng chảy văn hoá Đông - Tây. | |
| 653 | |a Kiến trúc | ||
| 942 | |2 ddc |c BK | ||
| 952 | |0 0 |1 0 |2 ddc |4 0 |6 720_470000000000000_T513 |7 0 |9 26885 |a 000001 |b 000001 |d 2023-03-27 |l 1 |o 720.47 T513 |p MD.21185 |r 2023-04-28 |s 2023-04-19 |v 228000.00 |w 2023-03-27 |y BK | ||
| 952 | |0 0 |1 0 |2 ddc |4 0 |6 720_470000000000000_T513 |7 0 |9 26886 |a 000001 |b 000001 |d 2023-03-27 |o 720.47 T513 |p MD.21186 |r 2023-03-27 |v 228000.00 |w 2023-03-27 |y BK | ||
| 980 | |a Thư viện Trường Đại học Nam Cần Thơ | ||


